000 00239nam a2200097Ia 4500
001 842044
005 20250826173216.0
008 250824s9999 xx 000 0 und d
245 0 _aSUSACAK VAR
_cKAHRAMAN TAZEOĞLU
260 _bDESTEK YAYINLARI
999 _c842044
_d842044